[Event "POL-chT3 U19 Slaska"]
[Site "Slask"]
[Date "2007.02.10"]
[Round "3.20"]
[White "Wawrzyniak, Remigiusz"]
[Black "Mazur, Aleksandra"]
[Result "1/2-1/2"]
[WhiteElo "1815"]
[BlackElo "1554"]
[PlyCount "39"]
[EventDate "2007.01.27"]
[EventType "team-tourn"]
[EventRounds "11"]
[EventCountry "POL"]
[SourceTitle "EXT 2019"]
[Source "ChessBase"]
[SourceDate "2018.10.10"]
[SourceVersion "1"]
[SourceVersionDate "2018.10.10"]
[SourceQuality "1"]
[WhiteTeam "Jastrzebie Zdroj Pionier U19 II"]
[BlackTeam "Imielin MKSz Diagonalia U19"]
[WhiteTeamCountry "POL"]
[BlackTeamCountry "POL"]

1. d4 Nf6 2. c4 g6 3. Nc3 Bg7 4. e4 d6 5. f3 0-0 6. Be3 Nc6 7. Qd2 a6 8. Nge2 Rb8 9. 0-0-0 b5 10. d5 Ne5 11. cxb5 Nc4 12. Qd3 Nxe3 13. Qxe3 axb5 14. Nd4 Bd7 15. Bxb5 Bxb5 16. Ncxb5 Qd7 17. a4 Rb6 18. Kb1 Ra8 19. b3 Ne8 20. Rc1 1/2-1/2